| 000 | 00756nab a2200241u 4500 | ||
|---|---|---|---|
| 001 | 15440 | ||
| 003 | HDC | ||
| 007 | c| |||a|c|aaaa | ||
| 008 | 210217b20130117my ||||| |||| 00| 0 may d | ||
| 040 | _aHDC | ||
| 100 |
_aAhmad Hidayat Buang / _eauthor _9240 |
||
| 245 | 0 |
_aMisi Akta Halal masih jauh / _cAhmad Hidayat Buang |
|
| 336 |
_atext _2rdacontent |
||
| 337 |
_acomputer _2rdamedia |
||
| 338 |
_aonline resource _2rdacarrier |
||
| 650 |
_ahalal act _9950 |
||
| 650 |
_aJAKIM _97825 |
||
| 710 | _aBERITA HARIAN | ||
| 856 | _zRequest full-text at [email protected] | ||
| 942 | _2lcc | ||
| 942 | _cNEWS | ||
| 942 | _kNWSC 003715 | ||
| 999 |
_c12756 _d12756 |
||